00467nam a2200169 b 4500003000500000005001700005008004100022020002900063040002400092041001400116082001200130100003100142245004300173250001600216260004200232300002300274322820260311151305.0210817s9999 xx e 000 1 AFR d a9780799340297 (hardback) aMPLbengc3228erda aAfrikaans aAF TIMM a Timmerman, Adam eauthor 0aDrenkeling / cAuthor: Adam Timmerman  aFirst print aPretoriabPresident-Boekklubc© 2008 a159 pages :c21 cm